[Event "DVM U16 2017"]
[Site "Walldorf GER"]
[Date "2017.12.27"]
[Round "1"]
[White "Buschmann, Julius"]
[Black "Knüdel, Torben"]
[Result "0-1"]
[Termination "normal"]
[Board "8.2"]
[WhiteElo "1585"]
[BlackElo "1825"]
[WhiteClock "00:01:01"]
[BlackClock "01:02:43"]
[WhiteTeam "SG Turm Leipzig"]
[BlackTeam "Post SV Uelzen"]
[PlyCount "54"]
[WhiteFideId "16255895"]
[BlackFideId "16208820"]
[EventCountry "GER"]
[EventRounds "7"]
[EventType "team-swiss"]
[EventDate "2017.12.26"]

1. e4 c5 2. Nf3 Nc6 3. Nc3 e6 4. d4 cxd4 5. Nxd4 a6 6. Nf3 Qc7 7. a3 Nf6 8. Bd3
Bc5 9. Bg5 {[%clk 0:55:56]} Ng4 {[%clk 1:16:27]} 10. O-O {[%clk 0:46:37]} h5
{[%clk 1:10:17]} 11. h3 {[%clk 0:32:04]} Nd4 {[%clk 1:05:46]} 12. hxg4 {[%clk
0:26:11]} hxg4 {[%clk 1:05:39]} 13. Nh4 {[%clk 0:25:06]} Nf3+ {[%clk 1:04:59]}
14. Qxf3 {[%clk 0:06:19]} gxf3 {[%clk 1:05:21]} 15. Nxf3 {[%clk 0:06:42]} f6
{[%clk 1:03:42]} 16. Bh4 {[%clk 0:04:10]} g5 {[%clk 1:04:00]} 17. Bg3 {[%clk
0:04:19]} Qxg3 {[%clk 1:04:21]} 18. e5 {[%clk 0:01:35]} g4 {[%clk 1:04:18]} 19.
Ne2 {[%clk 0:01:50]} Bxf2+ {[%clk 1:02:39]} 20. Rxf2 {[%clk 0:02:07]} Rh1+
{[%clk 1:02:56]} 21. Kxh1 {[%clk 0:02:24]} Qxf2 {[%clk 1:03:20]} 22. Nh2 {[%clk
0:02:21]} f5 {[%clk 1:02:33]} 23. Rf1 {[%clk 0:02:30]} Qh4 {[%clk 1:02:44]} 24.
Kg1 {[%clk 0:02:15]} b6 {[%clk 1:02:41]} 25. g3 {[%clk 0:00:33]} Qh6 {[%clk
1:02:41]} 26. Nf4 {[%clk 0:00:48]} Bb7 {[%clk 1:02:43]} 27. Rf2 {[%clk
0:01:01]} O-O-O 0-1

[Event "DVM U16 2017"]
[Site "Walldorf GER"]
[Date "2017.12.27"]
[Round "1"]
[White "Rothenberg, Jannik"]
[Black "Bosch, Jonael"]
[Result "1-0"]
[Termination "normal"]
[Board "8.3"]
[WhiteElo "1768"]
[BlackElo "1569"]
[WhiteClock "00:06:09"]
[BlackClock "00:00:59"]
[WhiteTeam "Post SV Uelzen"]
[BlackTeam "SG Turm Leipzig"]
[PlyCount "61"]
[WhiteFideId "16204743"]
[BlackFideId "16251253"]
[EventCountry "GER"]
[EventRounds "7"]
[EventType "team-swiss"]
[EventDate "2017.12.26"]

1. d4 d5 2. c4 e6 3. Nc3 Nf6 4. Bg5 Be7 5. e3 h6 6. Bh4 O-O 7. Nf3 b6 8. cxd5
Nxd5 9. Bxe7 Qxe7 10. Nxd5 {[%clk 1:24:33]} exd5 {[%clk 1:17:52]} 11. Bd3
{[%clk 1:22:53]} c5 {[%clk 1:11:51]} 12. dxc5 {[%clk 1:17:06]} bxc5 {[%clk
1:12:08]} 13. O-O {[%clk 1:15:30]} Rd8 {[%clk 1:06:25]} 14. Rc1 {[%clk
1:11:47]} Nd7 {[%clk 0:57:40]} 15. Qe2 {[%clk 1:07:27]} Nf6 {[%clk 0:54:54]}
16. Rfd1 {[%clk 1:02:40]} Bb7 {[%clk 0:51:12]} 17. b3 {[%clk 0:56:24]} Rac8
{[%clk 0:46:18]} 18. h3 {[%clk 0:52:53]} Ne4 {[%clk 0:42:21]} 19. Nd2 {[%clk
0:48:39]} Nf6 {[%clk 0:35:14]} 20. Nf3 {[%clk 0:45:58]} Ne4 {[%clk 0:35:27]}
21. Qc2 {[%clk 0:40:39]} Nf6 {[%clk 0:29:13]} 22. Bf5 {[%clk 0:37:27]} Rc6
{[%clk 0:26:06]} 23. e4 {[%clk 0:27:33]} g6 {[%clk 0:16:21]} 24. exd5 {[%clk
0:23:02]} Rxd5 {[%clk 0:14:27]} 25. Re1 {[%clk 0:20:32]} Qf8 {[%clk 0:09:45]}
26. Bd3 {[%clk 0:17:57]} Ba6 {[%clk 0:06:23]} 27. Bc4 {[%clk 0:15:57]} Bxc4
{[%clk 0:06:11]} 28. Qxc4 {[%clk 0:15:48]} Qd6 {[%clk 0:04:59]} 29. b4 {[%clk
0:10:57]} Rc8 {[%clk 0:00:39]} 30. a3 {[%clk 0:06:26]} Nd7 {[%clk 0:00:59]} 31.
Qe4 {[%clk 0:06:09]} 1-0

[Event "DVM U16 2017"]
[Site "Walldorf GER"]
[Date "2017.12.27"]
[Round "1"]
[White "Kreicarek, Tobias"]
[Black "Askerov, Imamali"]
[Result "0-1"]
[Termination "normal"]
[Board "8.4"]
[WhiteElo "1415"]
[BlackElo "1797"]
[WhiteClock "00:07:14"]
[BlackClock "00:26:41"]
[WhiteTeam "SG Turm Leipzig"]
[BlackTeam "Post SV Uelzen"]
[PlyCount "140"]
[WhiteFideId "16255909"]
[BlackFideId "12974498"]
[EventCountry "GER"]
[EventRounds "7"]
[EventType "team-swiss"]
[EventDate "2017.12.26"]

1. e4 c5 2. Nf3 d6 3. d4 cxd4 4. Nxd4 Nf6 5. Nc3 a6 6. Bg5 e6 7. Qd2 Nbd7 8.
O-O-O Qc7 9. f4 Nb6 10. Bxf6 gxf6 11. f5 Bd7 12. g3 Rc8 13. Be2 h5 14. Rhf1 Bh6
15. Rf4 e5 16. Nb3 exf4 17. gxf4 Bc6 18. Qe3 Nd7 19. Nd4 Kf8 20. Kb1 Re8 21.
Bf3 d5 22. Nxd5 Bxd5 23. Qa3+ Qc5 24. Qxc5+ {[%clk 0:07:50]} Nxc5 {[%clk
0:07:46]} 25. exd5 {[%clk 0:08:14]} Bxf4 {[%clk 0:07:45]} 26. h3 {[%clk
0:08:32]} Ne4 {[%clk 0:07:33]} 27. Nb3 {[%clk 0:02:33]} Nd6 {[%clk 0:04:40]}
28. Nd4 {[%clk 0:01:45]} Kg7 {[%clk 0:04:28]} 29. c3 {[%clk 0:01:42]} Re5
{[%clk 0:02:46]} 30. Kc2 {[%clk 0:01:33]} Rhe8 {[%clk 0:02:13]} 31. Kb3 {[%clk
0:00:45]} Re1 {[%clk 0:02:05]} 32. Rxe1 {[%clk 0:00:57]} Rxe1 {[%clk 0:02:26]}
33. Bxh5 {[%clk 0:01:22]} Be5 {[%clk 0:01:49]} 34. Nf3 {[%clk 0:01:50]} Re3
{[%clk 0:02:01]} 35. Bg4 {[%clk 0:02:12]} Ne4 {[%clk 0:01:16]} 36. Kb4 {[%clk
0:01:34]} Nf2 {[%clk 0:01:06]} 37. Bh5 {[%clk 0:01:10]} Nxh3 {[%clk 0:01:26]}
38. Nxe5 {[%clk 0:01:38]} Rxe5 {[%clk 0:01:13]} 39. Kc5 {[%clk 0:01:59]} Nf4
{[%clk 0:01:19]} 40. Bf3 {[%clk 0:02:19]} Nd3+ {[%clk 0:00:55]} 41. Kd6 {[%clk
0:02:24]} Nxb2 {[%clk 0:00:33]} 42. Kc7 {[%clk 0:01:53]} Re3 {[%clk 0:24:13]}
43. Bg2 {[%clk 0:25:28]} Rxc3+ {[%clk 0:24:20]} 44. Kxb7 {[%clk 0:20:47]} Nd3
{[%clk 0:22:56]} 45. d6 {[%clk 0:09:27]} Ne5 {[%clk 0:23:01]} 46. Be4 {[%clk
0:09:07]} Ra3 {[%clk 0:21:02]} 47. Kc7 {[%clk 0:06:40]} Rxa2 {[%clk 0:20:00]}
48. d7 {[%clk 0:06:35]} Nxd7 {[%clk 0:20:10]} 49. Kxd7 {[%clk 0:07:03]} a5
{[%clk 0:20:12]} 50. Kc6 {[%clk 0:03:56]} Rb2 {[%clk 0:20:27]} 51. Kc5 {[%clk
0:03:25]} a4 {[%clk 0:20:35]} 52. Kc4 {[%clk 0:02:54]} a3 {[%clk 0:20:51]} 53.
Kc3 {[%clk 0:03:07]} Re2 {[%clk 0:20:58]} 54. Bb1 {[%clk 0:00:48]} a2 {[%clk
0:21:21]} 55. Bxa2 {[%clk 0:01:05]} Rxa2 {[%clk 0:21:45]} 56. Kd4 {[%clk
0:01:30]} Re2 {[%clk 0:22:05]} 57. Kd5 {[%clk 0:01:53]} Kh6 {[%clk 0:22:28]}
58. Kd4 {[%clk 0:02:20]} Kg5 {[%clk 0:22:48]} 59. Kd3 {[%clk 0:02:48]} Re5
{[%clk 0:23:04]} 60. Kd2 {[%clk 0:03:15]} Kxf5 {[%clk 0:23:28]} 61. Kd3 {[%clk
0:03:34]} Re4 {[%clk 0:23:30]} 62. Kc3 {[%clk 0:03:59]} Ke5 {[%clk 0:23:54]}
63. Kd3 {[%clk 0:04:24]} f5 {[%clk 0:24:12]} 64. Kc3 {[%clk 0:04:33]} f4 {[%clk
0:24:39]} 65. Kb3 {[%clk 0:05:01]} f3 {[%clk 0:25:03]} 66. Kc3 {[%clk 0:05:26]}
f2 {[%clk 0:25:30]} 67. Kb3 {[%clk 0:05:54]} f1=Q {[%clk 0:25:52]} 68. Kc3
{[%clk 0:06:23]} Qf3+ {[%clk 0:26:16]} 69. Kc2 {[%clk 0:06:51]} Re2+ {[%clk
0:26:41]} 70. Kd1 {[%clk 0:07:14]} Qf1# 0-1

[Event "DVM U16 2017"]
[Site "Walldorf GER"]
[Date "2017.12.27"]
[Round "1"]
[White "Jahn, Felix"]
[Black "Vuckovic, Zarko"]
[Result "0-1"]
[Termination "normal"]
[Board "9.1"]
[WhiteElo "1648"]
[BlackElo "2115"]
[WhiteTeam "BSG Grün-Weiß Leipzig"]
[BlackTeam "SF Augsburg"]
[PlyCount "144"]
[WhiteFideId "12983632"]
[BlackFideId "12952087"]
[EventCountry "GER"]
[EventRounds "7"]
[EventType "team-swiss"]
[EventDate "2017.12.26"]

1. e4 c5 2. Nf3 Nc6 3. d4 cxd4 4. Nxd4 Nf6 5. Nc3 e6 6. a3 d5 7. exd5 Nxd5 8.
Nxd5 Qxd5 9. Nxc6 Qxd1+ 10. Kxd1 bxc6 11. Be3 Bb7 12. Bd3 O-O-O 13. f3 c5 14.
Ke2 Bd6 15. Rad1 Kc7 16. g3 h5 17. Rd2 a6 18. Kf2 Rd7 19. h4 g6 20. Rhd1 e5 21.
c3 Be7 22. Bc4 Rxd2+ 23. Rxd2 Rh7 24. Bd5 Bxd5 25. Rxd5 f6 26. b4 Kc6 27. Rd2
f5 28. Bg5 Bd6 29. Re2 Rh8 30. Bf6 Re8 31. Bg5 Kb5 32. Be3 Re6 33. Rb2 cxb4 34.
cxb4 Ka4 35. Bc5 Kxa3 36. Rd2 Bc7 37. Rd7 Rc6 38. Rd5 Kb3 39. Rd1 a5 40. Rb1+
Kc4 41. Bf8 Bb6+ 42. Ke2 axb4 43. Rxb4+ Kd5 44. Rb5+ Ke6 45. Bg7 Bd4 46. f4
Rc2+ 47. Kf1 Rf2+ 48. Ke1 Rf3 49. fxe5 Rxg3 50. Kf1 Rg4 51. Bf6 Re4 52. Rb4
Bxe5 53. Rb6+ Bd6 54. Bg5 Kd5 55. Kg2 Re6 56. Rb5+ Ke4 57. Rb3 f4 58. Rb1 Kf5
59. Rb5+ Kg4 60. Rb6 Re2+ 61. Kf1 Rd2 62. Ke1 Rd5 63. Kf1 Kg3 64. Rb1 f3 65.
Kg1 Be5 66. Rf1 f2+ 67. Kh1 Bc3 68. Be7 Kf3 69. Bg5 Rd3 70. Kh2 Be5+ 71. Bf4
Bxf4+ 72. Kh1 Bg3 0-1

[Event "DVM U16 2017"]
[Site "Walldorf GER"]
[Date "2017.12.27"]
[Round "1"]
[White "Vuckovic, Robert"]
[Black "Rose, Noah"]
[Result "1/2-1/2"]
[Termination "normal"]
[Board "9.2"]
[WhiteElo "1759"]
[BlackElo "1565"]
[WhiteTeam "SF Augsburg"]
[BlackTeam "BSG Grün-Weiß Leipzig"]
[PlyCount "71"]
[WhiteFideId "12998680"]
[BlackFideId "12990191"]
[EventCountry "GER"]
[EventRounds "7"]
[EventType "team-swiss"]
[EventDate "2017.12.26"]

1. e4 c5 2. Nc3 d6 3. d3 Nc6 4. g3 Nf6 5. Bg2 g6 6. f3 Bg7 7. Be3 O-O 8. Qd2
Rb8 9. Bh6 Bd7 10. h4 Nd4 11. Rc1 Qb6 12. Nd1 Rbd8 13. h5 e6 14. g4 Rc8 15.
hxg6 fxg6 16. Bxg7 Kxg7 17. Qh6+ Kg8 18. c3 Nc6 19. Ne2 Qd8 20. Ne3 Ne5 21. Kd2
Qe7 22. Rcg1 Qg7 23. Qh2 Qe7 24. Rf1 Bb5 25. Nc1 c4 26. d4 Ned7 27. f4 Bc6 28.
e5 Ne4+ 29. Bxe4 Bxe4 30. exd6 Qf7 31. Rhg1 Nf6 32. f5 Qd7 33. fxg6 Bxg6 34.
Ne2 Ne4+ 35. Kc1 Qxd6 36. Qxd6 1/2-1/2

[Event "DVM U16 2017"]
[Site "Walldorf GER"]
[Date "2017.12.27"]
[Round "1"]
[White "Reichelt, Marius"]
[Black "Hamkar, Mehran"]
[Result "1/2-1/2"]
[Termination "normal"]
[Board "9.3"]
[WhiteElo "1536"]
[BlackElo "1681"]
[WhiteTeam "BSG Grün-Weiß Leipzig"]
[BlackTeam "SF Augsburg"]
[PlyCount "41"]
[WhiteFideId "16224019"]
[BlackFideId "16216946"]
[EventCountry "GER"]
[EventRounds "7"]
[EventType "team-swiss"]
[EventDate "2017.12.26"]

1. e4 c5 2. Nf3 Nc6 3. d4 cxd4 4. Nxd4 Qb6 5. c3 Nf6 6. Qd3 e6 7. Nd2 d5 8.
exd5 Nxd5 9. Nc4 Qc7 10. Be3 Be7 11. Rd1 O-O 12. Be2 Rd8 13. Bf3 Nxe3 14. Qxe3
Nxd4 15. Rxd4 Bd7 16. Qf4 Qxf4 17. Rxf4 Bc6 18. Bxc6 bxc6 19. Ke2 Rd5 20. Rd1
Rad8 21. Rfd4 1/2-1/2

[Event "DVM U16 2017"]
[Site "Walldorf GER"]
[Date "2017.12.27"]
[Round "1"]
[White "Thorwarth, Paul"]
[Black "Kannengießer, Louis"]
[Result "1-0"]
[Termination "normal"]
[Board "9.4"]
[WhiteElo "1572"]
[BlackElo "1556"]
[WhiteTeam "SF Augsburg"]
[BlackTeam "BSG Grün-Weiß Leipzig"]
[PlyCount "61"]
[WhiteFideId "16216865"]
[BlackFideId "16206800"]
[EventCountry "GER"]
[EventRounds "7"]
[EventType "team-swiss"]
[EventDate "2017.12.26"]

1. e4 e5 2. Nf3 Nc6 3. d4 exd4 4. Bc4 Nf6 5. e5 Ng4 6. O-O Be7 7. Re1 O-O 8. h3
Nh6 9. Bxh6 gxh6 10. Nxd4 Bc5 11. Qg4+ Qg5 12. Nf5 Kh8 13. Qxg5 hxg5 14. Ng3
Bd4 15. c3 Bxe5 16. Ne4 h6 17. Nbd2 Kg8 18. Nf3 Bg7 19. Rad1 d6 20. h4 gxh4 21.
Nxh4 Re8 22. Nf6+ Bxf6 23. Rxe8+ Kg7 24. Nf5+ Kg6 25. Bd3 Kg5 26. Rg8+ Kf4 27.
g3+ Ke5 28. Re1+ Kd5 29. Ne3+ Kc5 30. b4+ Kb6 31. Nd5# 1-0

[Event "DVM U16 2017"]
[Site "Walldorf GER"]
[Date "2017.12.27"]
[Round "1"]
[White "Biermann, Florian"]
[Black "Reindl, Knut"]
[Result "1-0"]
[Termination "normal"]
[Board "10.1"]
[WhiteElo "1945"]
[BlackElo "1814"]
[WhiteTeam "SG Bochum"]
[BlackTeam "SG Schwäbisch Gmünd"]
[PlyCount "51"]
[WhiteFideId "12970069"]
[BlackFideId "12946753"]
[EventCountry "GER"]
[EventRounds "7"]
[EventType "team-swiss"]
[EventDate "2017.12.26"]

1. c4 e5 2. g3 Nf6 3. Bg2 d5 4. cxd5 Nxd5 5. Nf3 Nc6 6. O-O Be7 7. d4 e4 8. Ne5
f5 9. Nxc6 bxc6 10. Nc3 Nxc3 11. bxc3 O-O 12. Qa4 Rf6 13. Bf4 h6 14. f3 exf3
15. Bxf3 Bd7 16. Rab1 a5 17. Qb3+ Be6 18. Qb7 Bxa2 19. Ra1 Bc4 20. Bxc7 Qe8 21.
Rxa5 Rxa5 22. Bxa5 Re6 23. Re1 Bg5 24. Qb4 Bxe2 25. Bxe2 Rxe2 26. Qc4+ 1-0

[Event "DVM U16 2017"]
[Site "Walldorf GER"]
[Date "2017.12.27"]
[Round "1"]
[White "Lang, Thomas"]
[Black "Biermann, Lenhard"]
[Result "1-0"]
[Termination "normal"]
[Board "10.2"]
[WhiteElo "1749"]
[BlackElo "1941"]
[WhiteTeam "SG Schwäbisch Gmünd"]
[BlackTeam "SG Bochum"]
[PlyCount "55"]
[WhiteFideId "12982520"]
[BlackFideId "12970077"]
[EventCountry "GER"]
[EventRounds "7"]
[EventType "team-swiss"]
[EventDate "2017.12.26"]

1. e4 e6 2. d4 d5 3. Nd2 Nf6 4. e5 Nfd7 5. f4 c5 6. c3 Nc6 7. Ne2 Qb6 8. Nf3
cxd4 9. Nexd4 Nc5 10. Bd3 f6 11. b4 Ne4 12. Bd2 g5 13. exf6 Nxd2 14. Qxd2 Nxb4
15. Rb1 Nxd3+ 16. Qxd3 Qc7 17. fxg5 Qc4 18. Qxc4 dxc4 19. Ne5 b6 20. Ndc6 Bc5
21. f7+ Kf8 22. Rd1 Bb7 23. Nd7+ Kxf7 24. Rf1+ Kg7 25. Nxc5 Bxc6 26. Nxe6+ Kg8
27. Rd6 Bb5 28. Nc7 1-0

[Event "DVM U16 2017"]
[Site "Walldorf GER"]
[Date "2017.12.27"]
[Round "1"]
[White "Gluma, Christian"]
[Black "Reindl, Jork"]
[Result "1-0"]
[Termination "normal"]
[Board "10.3"]
[WhiteElo "1623"]
[BlackElo "1648"]
[WhiteTeam "SG Bochum"]
[BlackTeam "SG Schwäbisch Gmünd"]
[PlyCount "105"]
[WhiteFideId "16223209"]
[BlackFideId "16200152"]
[EventCountry "GER"]
[EventRounds "7"]
[EventType "team-swiss"]
[EventDate "2017.12.26"]

1. e4 e6 2. d4 d5 3. Nd2 Nf6 4. e5 Nfd7 5. c3 c5 6. Ne2 Nc6 7. g3 Be7 8. Bh3
Qc7 9. O-O Nb6 10. f4 g6 11. Nb3 cxd4 12. cxd4 Nc4 13. f5 exf5 14. Bh6 Be6 15.
Nf4 Nxb2 16. Qc2 Nc4 17. Rac1 Qb6 18. Qf2 Rg8 19. Bg2 Qd8 20. h4 Nb6 21. Nc5
Bxc5 22. Rxc5 Rc8 23. Rfc1 Qd7 24. Bf1 a6 25. Bg2 Ne7 26. Qc2 Nc4 27. Nxd5 Bxd5
28. Rxc8+ Nxc8 29. Bxd5 Qxd5 30. Qxc4 Qxc4 31. Rxc4 Kd7 32. Kf2 Ke6 33. Rc7 b5
34. Ke3 Ne7 35. Ra7 Nd5+ 36. Kd2 Nb4 37. a3 Nc6 38. Rxa6 Kd5 39. Be3 Rd8 40.
Rb6 Nxd4 41. Bxd4 h6 42. Kd3 h5 43. Rxb5+ Ke6 44. Rb6+ Ke7 45. Kc4 Ra8 46. Kb5
Rd8 47. Bc5+ Ke8 48. Rb7 Ra8 49. a4 g5 50. hxg5 f4 51. gxf4 h4 52. e6 fxe6 53.
g6 1-0

[Event "DVM U16 2017"]
[Site "Walldorf GER"]
[Date "2017.12.27"]
[Round "1"]
[White "Schmid, Tim"]
[Black "Gerzen, Robin"]
[Result "0-1"]
[Termination "normal"]
[Board "10.4"]
[WhiteElo "1055"]
[BlackElo "1660"]
[WhiteTeam "SG Schwäbisch Gmünd"]
[BlackTeam "SG Bochum"]
[PlyCount "84"]
[WhiteFideId "16255925"]
[BlackFideId "16206819"]
[EventCountry "GER"]
[EventRounds "7"]
[EventType "team-swiss"]
[EventDate "2017.12.26"]

1. e4 e6 2. Nf3 b6 3. Nc3 Bb7 4. Bc4 Bb4 5. O-O Bxc3 6. bxc3 Bxe4 7. d3 Bb7 8.
Bg5 Bxf3 9. Bxd8 Bxd1 10. Bxc7 Bxc2 11. Rac1 Ba4 12. Be5 Nf6 13. Rce1 d5 14.
Bb3 Bxb3 15. axb3 Nbd7 16. Bg3 O-O 17. Bh4 Nh5 18. f4 Nc5 19. f5 Nxd3 20. Re3
Nc5 21. b4 Ne4 22. c4 Nd2 23. Rc1 Nxc4 24. Rf3 Rac8 25. Rfc3 exf5 26. Bf2 Rcd8
27. Be3 Rfe8 28. Bg5 f6 29. Bh4 Nf4 30. Rg3 Ne2+ 31. Kf2 Nxg3 32. Kxg3 b5 33.
Kf2 d4 34. Ra1 d3 35. Ra6 d2 36. Bxf6 gxf6 37. Rxf6 d1=Q 38. Rxf5 Qe2+ 39. Kg3
Rd3+ 40. Kh4 Re4+ 41. Kg5 Qg4+ 42. Kf6 Re6+ 0-1

[Event "DVM U16 2017"]
[Site "Walldorf GER"]
[Date "2017.12.27"]
[Round "2"]
[White "Fidlin, Simon"]
[Black "Biastoch, Bennet"]
[Result "1-0"]
[Termination "normal"]
[Board "1.2"]
[WhiteElo "1825"]
[BlackElo "2234"]
[WhiteClock "00:16:33"]
[BlackClock "00:22:14"]
[WhiteTeam "Karlsruher SF"]
[BlackTeam "SG Aufbau Elbe Magdeburg"]
[PlyCount "115"]
[WhiteFideId "16217535"]
[BlackFideId "12939889"]
[EventCountry "GER"]
[EventRounds "7"]
[EventType "team-swiss"]
[EventDate "2017.12.26"]

1. e4 c5 2. Nf3 Nc6 3. d4 cxd4 4. Nxd4 Qb6 5. Nxc6 Qxc6 6. Nc3 e6 7. Bb5 Qc7 8.
O-O a6 9. Bd3 Nf6 10. Qe2 d6 11. f4 Be7 12. Be3 b5 13. a4 b4 14. Nb1 a5 15. Nd2
d5 16. e5 Nd7 17. Nb3 Bc5 18. Nxc5 Nxc5 19. Bb5+ Bd7 20. Bxd7+ Nxd7 21. Rfc1
O-O 22. c4 bxc3 23. Rxc3 Qd8 24. Rac1 Nb6 25. b3 Rc8 26. Rxc8 Nxc8 27. Qb5 f6
28. Qa6 Re8 29. Bd4 fxe5 30. Bxe5 Qb6+ 31. Qxb6 Nxb6 32. Rc7 g6 33. Rg7+ Kf8
34. Rxh7 Rc8 35. Rh8+ Ke7 36. Rxc8 Nxc8 37. Bc7 Nd6 38. Bxa5 Nf5 39. Kf2 Kd6
40. Bc3 d4 41. Bd2 Kc5 42. Kf3 Nd6 43. g4 Kd5 44. h4 Ne4 45. Be1 Nc5 46. h5
gxh5 47. gxh5 e5 48. h6 e4+ 49. Kg2 Ne6 50. Kg3 Nf8 51. a5 Kc5 52. f5 Nh7 53.
Kf4 Nf6 54. Bh4 d3 55. Bf2+ Kb5 56. Be3 Kxa5 57. Ke5 Nh7 58. Bd2+ 1-0

[Event "DVM U16 2017"]
[Site "Walldorf GER"]
[Date "2017.12.27"]
[Round "2"]
[White "Wagner, Benjamin"]
[Black "Wegmer, Leon"]
[Result "1-0"]
[Termination "normal"]
[Board "1.3"]
[WhiteElo "2005"]
[BlackElo "1691"]
[WhiteClock "00:13:36"]
[BlackClock "00:25:46"]
[WhiteTeam "SG Aufbau Elbe Magdeburg"]
[BlackTeam "Karlsruher SF"]
[PlyCount "99"]
[WhiteFideId "12957330"]
[BlackFideId "12983748"]
[EventCountry "GER"]
[EventRounds "7"]
[EventType "team-swiss"]
[EventDate "2017.12.26"]

1. e4 c6 2. d4 d5 3. exd5 cxd5 4. c4 Nf6 5. Nc3 e6 6. Nf3 Nc6 7. cxd5 Nxd5 8.
Bd3 Be7 9. O-O b6 10. Re1 Bb7 11. a3 O-O 12. Bc2 Nxc3 13. bxc3 Qd5 14. Qd3 Qh5
15. Bf4 Bf6 16. Re3 Ne7 17. Ne1 Ng6 18. Bg3 Bg5 19. Bd1 Qh6 20. Bf3 Bxf3 21.
Rxf3 Rfd8 22. Qe4 Re8 23. Nd3 f5 24. Qb7 f4 25. h4 Nxh4 26. Bxh4 Qxh4 27. Ne5
Bh6 28. Re1 Qe7 29. Qa6 Rac8 30. a4 Red8 31. Qb5 Rd5 32. Qb3 Re8 33. Rd3 Qd6
34. Qd1 Qc7 35. Qg4 Ra5 36. Qd1 g6 37. Ng4 Bg7 38. d5 e5 39. d6 Qd7 40. Re4 Qc6
41. Qb3+ Kh8 42. Qf7 Rf8 43. Rc4 Rc5 44. Rxc5 bxc5 45. Qc7 Qe4 46. Rh3 Qxa4 47.
Nxe5 Qd1+ 48. Kh2 Qd5 49. Nxg6+ Kg8 50. Ne7+ 1-0

[Event "DVM U16 2017"]
[Site "Walldorf GER"]
[Date "2017.12.27"]
[Round "2"]
[White "Wang, Xinyuan"]
[Black "Hoffmann, Lennard"]
[Result "1/2-1/2"]
[Termination "normal"]
[Board "1.4"]
[WhiteElo "1688"]
[BlackElo "2041"]
[WhiteClock "00:22:02"]
[BlackClock "00:15:28"]
[WhiteTeam "Karlsruher SF"]
[BlackTeam "SG Aufbau Elbe Magdeburg"]
[PlyCount "98"]
[WhiteFideId "16221494"]
[BlackFideId "12943495"]
[EventCountry "GER"]
[EventRounds "7"]
[EventType "team-swiss"]
[EventDate "2017.12.26"]

1. d4 f5 2. c4 Nf6 3. g3 g6 4. Bg2 Bg7 5. Nf3 O-O 6. O-O d6 7. b3 c6 8. Bb2 Na6
9. Nbd2 Nc7 10. Qc2 Be6 11. Rae1 d5 12. Ne5 Nce8 13. f3 Nd6 14. c5 Nf7 15. Nd3
g5 16. e3 Qc7 17. a3 Rad8 18. e4 dxe4 19. fxe4 fxe4 20. Nxe4 Nh5 21. Qe2 g4 22.
Nef2 Bxb3 23. Qxe7 Qd7 24. Qxd7 Rxd7 25. Nxg4 Bxd4+ 26. Bxd4 Rxd4 27. Nde5 Nxe5
28. Rxf8+ Kxf8 29. Nxe5 Rd1 30. Rxd1 Bxd1 31. Nc4 Be2 32. Nd6 Ba6 33. Kf2 Nf6
34. Bh3 Ke7 35. g4 b6 36. g5 Nd7 37. Nf5+ Kf8 38. cxb6 axb6 39. Nd4 Ne5 40. Bf5
Kg7 41. Kg3 c5 42. Ne6+ Kg8 43. h4 Bd3 44. Bxd3 Nxd3 45. Nc7 c4 46. Nb5 Nc5 47.
Nc3 Kf7 48. Kf4 Ke6 49. a4 Nd7 1/2-1/2

[Event "DVM U16 2017"]
[Site "Walldorf GER"]
[Date "2017.12.27"]
[Round "2"]
[White "Vuckovic, Zarko"]
[Black "Engel, Luis"]
[Result "1-0"]
[Termination "normal"]
[Board "2.1"]
[WhiteElo "2115"]
[BlackElo "2362"]
[WhiteClock "01:12:52"]
[BlackClock "00:22:23"]
[WhiteTeam "SF Augsburg"]
[BlackTeam "Hamburger SK"]
[PlyCount "101"]
[WhiteFideId "12952087"]
[BlackFideId "12961523"]
[EventCountry "GER"]
[EventRounds "7"]
[EventType "team-swiss"]
[EventDate "2017.12.26"]

1. e4 c5 2. Nc3 d6 3. g3 g6 4. d3 Bg7 5. Be3 Nc6 6. Qd2 a6 7. Bg2 Rb8 8. f4 Nd4
9. Nd1 e6 10. c3 Nc6 11. Nf3 Nge7 12. O-O O-O 13. Nf2 b5 14. d4 cxd4 15. cxd4
f5 16. Rac1 fxe4 17. Nxe4 Bb7 18. Bf2 Nd5 19. Neg5 Nc7 20. d5 Ne7 21. Bb6 Nexd5
22. Nxe6 Qe7 23. Bxc7 Qxe6 24. Bxb8 Rxb8 25. Ng5 Qe3+ 26. Qxe3 Nxe3 27. Bxb7 h6
28. Nf3 Rxb7 29. Rfe1 Nf5 30. b3 a5 31. Rcd1 h5 32. Re6 Rc7 33. Rd2 Rc3 34. Kf2
Kh7 35. h3 Bf8 36. g4 hxg4 37. hxg4 Nh6 38. Kg3 Nf7 39. Rd5 g5 40. Rf6 Kg7 41.
Rdf5 gxf4+ 42. Kxf4 Ne5 43. Nxe5 dxe5+ 44. Kxe5 Ba3 45. Ra6 Re3+ 46. Kd4 Rg3
47. g5 b4 48. Rb5 Bb2+ 49. Ke4 Kh7 50. Rb7+ Bg7 51. Rxa5 1-0

[Event "DVM U16 2017"]
[Site "Walldorf GER"]
[Date "2017.12.27"]
[Round "2"]
[White "Holinka, Henning"]
[Black "Hamkar, Mehran"]
[Result "1-0"]
[Termination "normal"]
[Board "2.2"]
[WhiteElo "2069"]
[BlackElo "1681"]
[WhiteClock "00:04:08"]
[BlackClock "00:04:02"]
[WhiteTeam "Hamburger SK"]
[BlackTeam "SF Augsburg"]
[PlyCount "63"]
[WhiteFideId "12967084"]
[BlackFideId "16216946"]
[EventCountry "GER"]
[EventRounds "7"]
[EventType "team-swiss"]
[EventDate "2017.12.26"]

1. e4 e6 2. d4 d5 3. Nc3 dxe4 4. Nxe4 Nd7 5. Nf3 Ngf6 6. Bd3 Be7 7. O-O O-O 8.
Qe2 b6 9. Nxf6+ Nxf6 10. Bf4 Bb7 11. Rfd1 Bd6 12. Ne5 Qe7 13. Bg5 Rfd8 14. Ng4
Kf8 15. Nxf6 gxf6 16. Bh6+ Ke8 17. Bxh7 f5 18. Qh5 Kd7 19. d5 Rh8 20. Bg7 Rag8
21. Qh6 f6 22. dxe6+ Kc8 23. Bxg8 Rxh6 24. Bxh6 Qe8 25. Bf7 Qh8 26. Rxd6 cxd6
27. e7 Bc6 28. Bf8 Qh7 29. Be6+ Kc7 30. Rd1 Bd7 31. Bxd7 Kxd7 32. Rxd6+ 1-0

[Event "DVM U16 2017"]
[Site "Walldorf GER"]
[Date "2017.12.27"]
[Round "2"]
[White "Thorwarth, Paul"]
[Black "Engel, Robert"]
[Result "1/2-1/2"]
[Termination "normal"]
[Board "2.3"]
[WhiteElo "1572"]
[BlackElo "1942"]
[WhiteClock "00:21:56"]
[BlackClock "00:30:23"]
[WhiteTeam "SF Augsburg"]
[BlackTeam "Hamburger SK"]
[PlyCount "83"]
[WhiteFideId "16216865"]
[BlackFideId "12974684"]
[EventCountry "GER"]
[EventRounds "7"]
[EventType "team-swiss"]
[EventDate "2017.12.26"]

1. e4 c5 2. Nf3 d6 3. d4 cxd4 4. Nxd4 Nf6 5. Nc3 a6 6. Be3 e5 7. Nb3 Be6 8. Nd5
Nbd7 9. Nxf6+ Nxf6 10. Be2 d5 11. exd5 Nxd5 12. Bf3 Nxe3 13. fxe3 Qb6 14. Qe2
Bb4+ 15. c3 Bxb3 16. axb3 Bd6 17. O-O O-O 18. Bd5 Bc5 19. Qf3 Kh8 20. Bxf7 Rad8
21. Qe4 Qh6 22. Rf3 Bxe3+ 23. Rxe3 Rxf7 24. Qxe5 Qb6 25. Rf1 Rxf1+ 26. Kxf1
Rf8+ 27. Rf3 Rxf3+ 28. gxf3 h6 29. b4 Qd8 30. Ke2 b6 31. b3 Qc8 32. c4 Qh3 33.
c5 Qg2+ 34. Ke3 Qg1+ 35. Ke4 Qb1+ 36. Kf4 bxc5 37. Qe8+ Kh7 38. bxc5 g5+ 39.
Kg4 Qg1+ 40. Kf5 Qxc5+ 41. Qe5 Qf8+ 42. Ke4 1/2-1/2